[Event "ch-RUS Blitz 2017"]
[Site "Sochi RUS"]
[Date "2017.10.02"]
[Round "17.5"]
[White "Demidov, Mikhail"]
[Black "Pridorozhni, Aleksei"]
[Result "0-1"]
[WhiteTitle "IM"]
[BlackTitle "GM"]
[WhiteElo "2521"]
[BlackElo "2565"]
[WhiteFideId "4197143"]
[BlackFideId "4127870"]
[EventDate "2017.10.02"]
[EventType "blitz"]

1. d4 d6 2. Nf3 Bg4 3. g3 Bxf3 4. exf3 d5 5. Bg2 e6 6. f4 g6 7. O-O Bg7 8. Re1
Ne7 9. c3 Nd7 10. Qb3 Rb8 11. Nd2 O-O 12. Nf3 c5 13. dxc5 Nxc5 14. Qa3 b6 15.
Ne5 Qc7 16. Bd2 Nf5 17. Rad1 Rfc8 18. h4 Bf8 19. b4 Nd7 20. Nxd7 Qxd7 21. Qb3
Bg7 22. h5 Rc7 23. hxg6 hxg6 24. Rc1 Rbc8 25. Bf1 a5 26. bxa5 bxa5 27. Qb5 Qxb5
28. Bxb5 Bxc3 29. Bxc3 Rxc3 30. Rxc3 Rxc3 31. Rb1 Ra3 32. Rb2 Nd6 33. Be2 Kf8
34. Kf1 Ke7 35. Ke1 Kf6 36. Bd1 Nc4 37. Rc2 g5 38. fxg5+ Kxg5 39. Be2 Nd6 40.
Bd1 Ne4 41. Rc7 Rxa2 42. Rxf7 Ra1 43. f4+ Kg6 44. Rc7 Nxg3 45. Kd2 Ne4+ 46. Kc2
Kf6 47. Bh5 Kf5 48. Rf7+ Nf6 49. Be2 Ra2+ 50. Kd1 Kg6 51. Re7 Ne4 52. Bd3 Kf5
53. Kc1 Ra3 54. Kc2 Rc3+ 0-1

[Event "ch-RUS Blitz 2017"]
[Site "Sochi RUS"]
[Date "2017.10.02"]
[Round "17.6"]
[White "Tsydypov, Zhamsaran"]
[Black "Sjugirov, Sanan"]
[Result "1-0"]
[WhiteTitle "IM"]
[BlackTitle "GM"]
[WhiteElo "2529"]
[BlackElo "2650"]
[WhiteFideId "4108566"]
[BlackFideId "4189302"]
[EventDate "2017.10.02"]
[EventType "blitz"]

1. e4 c5 2. Nf3 d6 3. d4 cxd4 4. Nxd4 Nf6 5. Nc3 a6 6. Bg5 e6 7. Qe2 Be7 8. h4
Qc7 9. O-O-O Nbd7 10. g4 b5 11. Bg2 Bb7 12. a3 Ne5 13. f4 Nc4 14. e5 Bxg2 15.
Qxg2 Rc8 16. exf6 gxf6 17. Bh6 Nxb2 18. Kxb2 Qxc3+ 19. Kb1 Qxa3 20. Rh3 Qc5 21.
Nb3 Qc7 22. f5 Rg8 23. fxe6 fxe6 24. g5 Qc4 25. Rd4 Qc7 26. Qe2 e5 27. Rdd3 f5
28. Rc3 Qb8 29. Qf3 f4 30. Qd5 Rh8 31. Bg7 1-0

[Event "ch-RUS Blitz 2017"]
[Site "Sochi RUS"]
[Date "2017.10.02"]
[Round "17.7"]
[White "Alekseev, Evgeny"]
[Black "Iljiushenok, Ilia"]
[Result "1/2-1/2"]
[WhiteTitle "GM"]
[BlackTitle "IM"]
[WhiteElo "2622"]
[BlackElo "2519"]
[WhiteFideId "4138147"]
[BlackFideId "24105074"]
[EventDate "2017.10.02"]
[EventType "blitz"]

1. e4 c5 2. Nf3 e6 3. d4 cxd4 4. Nxd4 Nc6 5. Nc3 Qc7 6. g3 a6 7. Bg2 Nf6 8. Nb3
Be7 9. O-O O-O 10. f4 d6 11. Be3 Rb8 12. g4 b5 13. a3 Re8 14. g5 Nd7 15. Rf3 Bf8
16. Rh3 g6 17. Qe1 Bg7 18. Qh4 Nf8 19. Rd1 b4 20. axb4 Nxb4 21. Qf2 Bb7 22. f5
exf5 23. exf5 Bxg2 24. Qxg2 Bxc3 25. bxc3 Qxc3 26. Ba7 Re1+ 27. Rxe1 Qxe1+ 28.
Qf1 Qxf1+ 29. Kxf1 Rb7 30. Bf2 Nxc2 31. f6 Nb4 32. Nd4 Nd5 33. Ra3 Nf4 34. Be3
Nd5 35. Bd2 Rb6 36. Ke2 Ne6 37. Nf3 Nc5 38. h4 Rb3 39. Ra1 Nb6 40. Ba5 Nc4 41.
Be1 Re3+ 42. Kf2 Nd3+ 43. Kg2 Nxe1+ 44. Nxe1 a5 45. Nf3 Kf8 46. Nd4 Ke8 47. Rb1
Rd3 48. Rb8+ Kd7 49. Rb7+ Kc8 50. Rxf7 Rxd4 51. Rxh7 Ne5 52. f7 Nxf7 53. Rxf7
Rxh4 54. Kg3 Rh1 55. Rf6 Rg1+ 56. Kh4 Rh1+ 57. Kg4 Rg1+ 58. Kh4 Kd7 59. Rxg6 a4
60. Rg7+ Ke6 61. Ra7 Rh1+ 62. Kg4 Rg1+ 63. Kf4 Rf1+ 64. Kg4 Ke5 1/2-1/2

[Event "ch-RUS Blitz 2017"]
[Site "Sochi RUS"]
[Date "2017.10.02"]
[Round "17.8"]
[White "Potkin, Vladimir"]
[Black "Popov, Ivan RUS"]
[Result "1/2-1/2"]
[WhiteTitle "GM"]
[BlackTitle "GM"]
[WhiteElo "2574"]
[BlackElo "2599"]
[WhiteFideId "4131061"]
[BlackFideId "4170350"]
[EventDate "2017.10.02"]
[EventType "blitz"]

1. Nf3 Nf6 2. c4 e6 3. d4 d5 4. e3 b6 5. Nc3 Bb7 6. cxd5 Nxd5 7. Bb5+ c6 8. Bd3
Be7 9. O-O O-O 10. e4 Nxc3 11. bxc3 c5 12. Re1 cxd4 13. cxd4 Nc6 14. Bb2 Nb4 15.
Bc4 Rc8 16. Rc1 Nc6 17. Qe2 Na5 18. Bd3 Qd6 19. d5 Rxc1 20. Rxc1 exd5 21. e5 Qd7
22. Bb5 Bc6 23. Ba6 Nc4 24. Bxc4 dxc4 25. Qxc4 Bxf3 26. gxf3 Bc5 27. Kg2 Qd2 28.
Rc2 Qh6 29. Qe4 Rd8 30. f4 Qh5 31. h3 g6 32. e6 Qd5 33. Qxd5 Rxd5 34. e7 Bxe7
35. Rc7 Bd8 36. Rxa7 Kf8 37. Be5 Ke8 38. a4 Rd7 39. Ra8 Ke7 40. Kf3 Bc7 41. Bxc7
Rxc7 42. Ra6 Rc3+ 43. Kg2 Ra3 44. Rxb6 Rxa4 1/2-1/2

[Event "ch-RUS Blitz 2017"]
[Site "Sochi RUS"]
[Date "2017.10.02"]
[Round "17.9"]
[White "Tomashevsky, Evgeny"]
[Black "Korotylev, Alexey"]
[Result "1-0"]
[WhiteTitle "GM"]
[BlackTitle "GM"]
[WhiteElo "2710"]
[BlackElo "2573"]
[WhiteFideId "4147235"]
[BlackFideId "4119142"]
[EventDate "2017.10.02"]
[EventType "blitz"]

1. c4 e5 2. Nc3 Nf6 3. Nf3 Nc6 4. g3 Bb4 5. Bg2 O-O 6. O-O e4 7. Ng5 Bxc3 8.
bxc3 Re8 9. f3 exf3 10. Nxf3 Qe7 11. e3 Ne5 12. Nd4 d6 13. d3 c5 14. Nf5 Bxf5
15. Rxf5 d5 16. cxd5 c4 17. d4 Nd3 18. Bd2 Ne4 19. Bxe4 Qxe4 20. Qf3 Qxf3 21.
Rxf3 Rad8 22. Rb1 b6 23. Rb5 f6 24. a4 Rd6 25. a5 Kf7 26. axb6 axb6 27. Kf1 h5
28. h3 Kg6 29. Ke2 f5 30. Rf1 Ra8 31. Rfb1 Ra6 32. Kf3 Kf7 33. e4 fxe4+ 34. Kxe4
Ra2 35. Bf4 Re2+ 36. Kf3 Rf2+ 37. Ke3 Rd7 38. Rxb6 Rxd5 39. R6b4 1-0

[Event "ch-RUS Blitz 2017"]
[Site "Sochi RUS"]
[Date "2017.10.02"]
[Round "17.10"]
[White "Khismatullin, Denis"]
[Black "Moskalenko, Alexander"]
[Result "1/2-1/2"]
[WhiteTitle "GM"]
[BlackTitle "IM"]
[WhiteElo "2628"]
[BlackElo "2531"]
[WhiteFideId "4142578"]
[BlackFideId "4155351"]
[EventDate "2017.10.02"]
[EventType "blitz"]

1. Nf3 d5 2. g3 c6 3. Bg2 Bg4 4. c4 e6 5. Qb3 Qb6 6. Qc2 Nd7 7. O-O Ngf6 8. d3
dxc4 9. Qxc4 Bxf3 10. Bxf3 Ne5 11. Qf4 Nxf3+ 12. Qxf3 Be7 13. Nd2 O-O 14. Nc4
Qb5 15. Bf4 Rfd8 16. Rfc1 Qd5 17. Qg2 Rac8 18. b4 b6 19. Rab1 Nd7 20. a4 f6 21.
Qh3 e5 22. Bd2 b5 23. Ne3 Qa2 24. Be1 Nb6 25. Ra1 Qxe2 26. Qe6+ Kf8 27. Nf5 Re8
28. axb5 cxb5 29. Rxc8 Nxc8 30. Qd7 Rd8 31. Qc7 Qxd3 32. Nxe7 Nxe7 33. Rxa7 Qd6
34. Qb7 Rb8 35. Qe4 h6 36. Bc3 Qd1+ 37. Kg2 Qd5 38. Kf3 Rc8 39. Be1 Rc4 40. Qxd5
Nxd5 41. Rb7 Nxb4 42. Rxb5 Nc6 43. Rb7 h5 44. Bd2 Nd4+ 45. Kg2 Ne6 46. Be3 Rc7
47. Rb5 Kf7 48. Kf3 Rc3 49. Ke4 Rc4+ 50. Kd5 Rc7 51. Ke4 Rd7 52. Kf3 Kg6 53. h3
Rd3 54. Ke2 Ra3 55. Rb6 Ng5 56. Bxg5 Kxg5 57. Rb4 Ra2+ 58. Kf3 Ra3+ 59. Kg2 Rd3
60. Kf1 Kf5 61. Ke2 Rd4 62. Rb7 g6 63. h4 Ra4 64. Rb6 Ra2+ 65. Kf3 Rc2 66. Ra6
Rc3+ 67. Ke2 Rc5 68. Kf3 Rb5 69. Ke2 g5 70. hxg5 Rb2+ 71. Kf3 Kxg5 72. Ra8 Rb3+
73. Ke2 e4 74. Rg8+ Kf5 75. Rh8 Kg4 76. Rg8+ Kf5 77. Rh8 Rb2+ 78. Ke3 Rb3+ 79.
Ke2 Kg6 80. Rg8+ Kf7 81. Rh8 Rb5 82. Ke3 Rf5 83. Kxe4 Rxf2 84. Rxh5 1/2-1/2

[Event "ch-RUS Blitz 2017"]
[Site "Sochi RUS"]
[Date "2017.10.02"]
[Round "17.11"]
[White "Bocharov, Dmitry"]
[Black "Alekseenko, Kirill"]
[Result "1-0"]
[WhiteTitle "GM"]
[BlackTitle "GM"]
[WhiteElo "2585"]
[BlackElo "2563"]
[WhiteFideId "4138716"]
[BlackFideId "4135539"]
[EventDate "2017.10.02"]
[EventType "blitz"]

1. c4 e5 2. d3 d6 3. Nc3 Nc6 4. g3 f5 5. Bg2 Nf6 6. e3 g6 7. Nge2 Bg7 8. O-O O-O
9. Rb1 a5 10. b3 Ne7 11. Qd2 g5 12. f4 h6 13. d4 Ng6 14. Bb2 gxf4 15. exf4 e4
16. d5 Bd7 17. Nd1 a4 18. b4 a3 19. Ba1 b5 20. c5 dxc5 21. bxc5 c6 22. Ne3 cxd5
23. c6 Bxc6 24. Nxf5 Qd7 25. Nxg7 Kxg7 26. Nd4 Kh7 27. Rfc1 Rac8 28. Rb3 Bb7 29.
Rxa3 b4 30. Ra7 Rxc1+ 31. Qxc1 Rc8 32. Qd2 Qc7 33. Bb2 Qb6 34. Ra4 Rc4 35. Kh1
Ng4 36. h3 e3 37. Qe2 Nf2+ 38. Kh2 Rxd4 39. Qxe3 1-0

[Event "ch-RUS Blitz 2017"]
[Site "Sochi RUS"]
[Date "2017.10.02"]
[Round "17.12"]
[White "Usmanov, Vasily"]
[Black "Grachev, Boris"]
[Result "1/2-1/2"]
[WhiteTitle "IM"]
[BlackTitle "GM"]
[WhiteElo "2459"]
[BlackElo "2654"]
[WhiteFideId "4135741"]
[BlackFideId "4129199"]
[EventDate "2017.10.02"]
[EventType "blitz"]

1. Nf3 d5 2. c4 e6 3. g3 Nf6 4. Bg2 dxc4 5. Qa4+ Bd7 6. Qxc4 c5 7. Ne5 Qc8 8.
Qd3 Nc6 9. Nxd7 Nxd7 10. O-O Qc7 11. b3 Be7 12. Bb2 O-O 13. Na3 a6 14. Nc4 b5
15. Qe4 Rac8 16. Qxc6 Qxc6 17. Bxc6 Rxc6 18. Ne5 Nxe5 19. Bxe5 c4 20. Rfc1 Rfc8
21. Rc2 Ba3 22. Kf1 f6 23. Bb2 Bxb2 24. Rxb2 Kf7 25. Kg2 e5 26. b4 Rd8 27. a4
Rcd6 28. axb5 axb5 29. Raa2 g5 30. f3 f5 31. Kf2 R8d7 32. Ke1 Rh6 33. Ra5 Rb7
34. d3 cxd3 35. exd3 Rd6 36. Ke2 Rd4 37. Rb3 h5 38. h3 Ke6 39. Ra8 h4 40. g4
fxg4 41. fxg4 Rf7 42. Ra6+ Ke7 43. Rc3 Rxb4 44. Rc7+ Kf8 45. Rxf7+ Kxf7 46. Ra7+
Kf6 47. Ra6+ Kf7 48. Ra7+ Ke6 49. Ra6+ Kd5 50. Rg6 Rb2+ 51. Ke3 Rh2 52. Rxg5
Rxh3+ 53. Ke2 Rg3 54. Rg8 h3 55. Kf2 Rxd3 56. g5 Ke4 57. g6 Rf3+ 58. Kg1 b4 59.
Kh2 b3 60. Rb8 Rf2+ 61. Kxh3 Rf3+ 62. Kh4 Rf4+ 63. Kh5 Rf1 64. g7 Rg1 65. Kh6
Kd4 66. Rxb3 e4 67. Rb4+ Kd3 68. Rb3+ Kd2 69. Rb2+ Kd3 70. Rb3+ Kd2 71. Rb5 Rxg7
72. Kxg7 e3 73. Re5 e2 74. Rxe2+ Kxe2 1/2-1/2

[Event "ch-RUS Blitz 2017"]
[Site "Sochi RUS"]
[Date "2017.10.02"]
[Round "17.13"]
[White "Rozum, Ivan"]
[Black "Timofeev, Artyom"]
[Result "1-0"]
[WhiteTitle "GM"]
[BlackTitle "GM"]
[WhiteElo "2590"]
[BlackElo "2549"]
[WhiteFideId "24104272"]
[BlackFideId "4140419"]
[EventDate "2017.10.02"]
[EventType "blitz"]

1. Nf3 c5 2. e3 g6 3. d4 Bg7 4. Be2 cxd4 5. exd4 Nf6 6. O-O O-O 7. c3 b6 8. Re1
Bb7 9. h3 d6 10. a4 Nc6 11. Nbd2 e5 12. Nc4 e4 13. Nfd2 Ne7 14. a5 d5 15. a6 Bc8
16. Ne5 h5 17. f3 Bf5 18. fxe4 Nxe4 19. Nxe4 Bxe4 20. Bf3 Bxe5 21. dxe5 Nc6 22.
Bf4 Qe7 23. Bxe4 dxe4 24. Qd5 Rac8 25. Qxe4 Qe6 26. Rad1 Ne7 27. Rd6 Qa2 28. e6
Qxb2 29. Rd7 Rce8 30. Bd6 fxe6 31. Rxe7 Rxe7 32. Bxe7 Qf2+ 33. Kh2 1-0

[Event "ch-RUS Blitz 2017"]
[Site "Sochi RUS"]
[Date "2017.10.02"]
[Round "17.14"]
[White "Jakovenko, Dmitry"]
[Black "Levin, Evgeny A."]
[Result "1-0"]
[WhiteTitle "GM"]
[BlackTitle "GM"]
[WhiteElo "2710"]
[BlackElo "2532"]
[WhiteFideId "4122356"]
[BlackFideId "4182596"]
[EventDate "2017.10.02"]
[EventType "blitz"]

1. e4 d5 2. exd5 Qxd5 3. Nc3 Qd8 4. d4 c6 5. Nf3 Bf5 6. Be2 e6 7. O-O Nd7 8. Bf4
Be7 9. Qd2 Ngf6 10. Rad1 O-O 11. Bg3 Nb6 12. Qc1 Nbd5 13. Nb1 b5 14. b3 Ne4 15.
c4 bxc4 16. bxc4 Nxg3 17. hxg3 Nf6 18. Nc3 Qc7 19. Qe3 Rfd8 20. Ne5 Nd7 21. Nd3
Bf6 22. Nf4 Re8 23. Nh5 Be7 24. Bf3 Rab8 25. Rfe1 Bg6 26. Nf4 Bb4 27. Nxg6 hxg6
28. Re2 Nb6 29. Qd3 Be7 30. Ne4 Red8 31. Red2 c5 32. Qe2 cxd4 33. Rxd4 Rxd4 34.
Rxd4 e5 35. Rd1 f5 36. c5 Bxc5 37. Nxc5 Qxc5 38. Qa6 e4 39. Be2 Qc7 40. Qa5 Kh7
41. Qd2 Rc8 42. Qg5 Qe5 43. g4 Qf6 44. Qf4 Rc2 45. Qh2+ Kg8 46. Qb8+ Kh7 47. Rd8
Kh6 48. g5+ Kxg5 49. Qg3+ 1-0

[Event "ch-RUS Blitz 2017"]
[Site "Sochi RUS"]
[Date "2017.10.02"]
[Round "17.15"]
[White "Sarana, Alexey"]
[Black "Kryakvin, Dmitry"]
[Result "1-0"]
[WhiteTitle "GM"]
[BlackTitle "GM"]
[WhiteElo "2541"]
[BlackElo "2583"]
[WhiteFideId "24133795"]
[BlackFideId "4153278"]
[EventDate "2017.10.02"]
[EventType "blitz"]

1. d4 d5 2. Nf3 Nf6 3. c4 c6 4. Nc3 dxc4 5. a4 a5 6. e3 Bg4 7. Bxc4 e6 8. O-O
Na6 9. h3 Bh5 10. g4 Bg6 11. Ne5 Nb4 12. f4 Be7 13. Bd2 O-O 14. Qf3 Bd6 15. Rad1
Bc2 16. Rde1 Bxe5 17. fxe5 Nd7 18. Ne4 Nxe5 19. dxe5 Bxe4 20. Qxe4 Qxd2 21. Re2
Qd7 22. g5 Qe7 23. h4 Rad8 24. Ref2 Nd5 25. b3 Rd7 26. Bd3 g6 27. Bc4 Qc5 28.
Rf3 Qe7 29. Qg4 Rdd8 30. h5 Nb6 31. hxg6 hxg6 32. Qh4 f5 33. exf6 1-0

[Event "ch-RUS Blitz 2017"]
[Site "Sochi RUS"]
[Date "2017.10.02"]
[Round "17.16"]
[White "Hasangatin, Ramil"]
[Black "Korchmar, Vasiliy"]
[Result "1/2-1/2"]
[WhiteTitle "GM"]
[BlackTitle "IM"]
[WhiteElo "2496"]
[BlackElo "2399"]
[WhiteFideId "4122160"]
[BlackFideId "24131750"]
[EventDate "2017.10.02"]
[EventType "blitz"]

1. e4 e5 2. Nf3 Nc6 3. Bb5 a6 4. Ba4 Nf6 5. Bxc6 dxc6 6. d3 Bd6 7. Bg5 h6 8. Bh4
g5 9. Bg3 Qe7 10. Nfd2 Bg4 11. f3 Be6 12. Nc4 Bxc4 13. dxc4 O-O-O 14. Qe2 h5 15.
Nd2 h4 16. Bf2 Nh5 17. Be3 Bc5 18. O-O-O Bxe3 19. Qxe3 Kb8 20. Nb3 Nf4 21. g3
hxg3 22. hxg3 Rxd1+ 23. Rxd1 Ne6 24. c5 Rh3 25. Qf2 Qf8 26. Kb1 Qh8 27. a4 Rh2
28. Qe3 Rg2 29. g4 Rh2 30. Qc3 Rh3 31. Ka2 Ka7 32. Rd7 Qe8 33. Rd3 Nf4 34. Rd2
Ne6 35. Rd3 Nf4 36. Rd2 Ne6 37. Rf2 f6 38. Rd2 Qe7 39. Rd3 Nf4 40. Rd2 Ne6 41.
Rd3 Nf4 42. Rd1 Ne6 43. Rf1 Nf4 44. Qb4 Ne6 45. Na5 Nxc5 46. b3 Rh2 47. Rc1 Qd6
48. Kb1 Qd4 49. Qa3 Rf2 50. Nc4 Rxf3 51. Qb4 b6 52. Rh1 Kb7 53. Na5+ Kc8 54.
Qxd4 exd4 55. Rh8+ 1/2-1/2

[Event "ch-RUS Blitz 2017"]
[Site "Sochi RUS"]
[Date "2017.10.02"]
[Round "17.17"]
[White "Murzin, Volodar"]
[Black "Rakhmanov, Aleksandr"]
[Result "1-0"]
[WhiteTitle "FM"]
[BlackTitle "GM"]
[WhiteElo "2280"]
[BlackElo "2669"]
[WhiteFideId "44155573"]
[BlackFideId "4173708"]
[EventDate "2017.10.02"]
[EventType "blitz"]

1. e4 c5 2. Nf3 Nf6 3. d3 d5 4. exd5 Nxd5 5. g3 g6 6. Bg2 Bg7 7. O-O O-O 8. Re1
Nc6 9. Nbd2 b6 10. Nc4 Bb7 11. Nfe5 Nxe5 12. Nxe5 Qc7 13. Nc4 Rad8 14. a3 Rfe8
15. Qe2 Qb8 16. Rb1 Qa8 17. Ne3 Nxe3 18. Bxb7 Qxb7 19. Bxe3 Qd5 20. Qg4 a5 21.
a4 Bd4 22. b3 h5 23. Qe2 Rd6 24. Bf4 Re6 25. Qf1 Bc3 26. Rxe6 Qxe6 27. Be3 Qd5
28. Qg2 Qxg2+ 29. Kxg2 e5 30. Kf3 f5 31. Ke2 Kf7 32. Bd2 Bxd2 33. Kxd2 g5 34.
Re1 Ke6 35. f4 Kf6 36. fxe5+ Rxe5 37. Rxe5 Kxe5 38. Ke3 Kd5 39. c3 Ke5 40. Kf3
f4 41. gxf4+ gxf4 42. h4 Kf5 43. d4 cxd4 44. cxd4 Ke6 45. Kxf4 Kd5 46. Ke3 Kc6
47. Kd3 b5 48. axb5+ Kxb5 49. Kc3 Kb6 50. Kc4 Kc6 51. d5+ Kd6 52. Kd4 Kd7 53.
Kc5 Kc7 54. Kb5 Kd6 55. Kxa5 Kxd5 1-0

[Event "ch-RUS Blitz 2017"]
[Site "Sochi RUS"]
[Date "2017.10.02"]
[Round "17.18"]
[White "Kobalia, Mikhail"]
[Black "Potapov, Pavel"]
[Result "0-1"]
[WhiteTitle "GM"]
[BlackTitle "GM"]
[WhiteElo "2596"]
[BlackElo "2479"]
[WhiteFideId "4119150"]
[BlackFideId "4169786"]
[EventDate "2017.10.02"]
[EventType "blitz"]

1. e4 g6 2. d4 Bg7 3. Nc3 d6 4. Be3 c6 5. Qd2 Nd7 6. h4 h5 7. Nh3 Ngf6 8. f3 Qc7
9. Ng5 b5 10. O-O-O a6 11. Kb1 Bb7 12. Ne2 c5 13. d5 Ne5 14. Nf4 Qb6 15. Be2 a5
16. Qe1 a4 17. Rg1 Nc4 18. Bc1 Nd7 19. g4 hxg4 20. fxg4 Bf6 21. Nf3 Nde5 22.
Nxe5 Bxe5 23. h5 gxh5 24. gxh5 a3 25. b3 Nb2 26. Nd3 Nxd3 27. Rxd3 c4 28. Rh3
Qd4 29. c3 Qxe4+ 30. Ka1 b4 31. Bd2 Bxd5 32. Bxc4 Qxe1+ 33. Rxe1 Bxc4 34. bxc4
Rc8 35. Kb1 bxc3 36. Bxc3 Bxc3 37. Rxc3 Rxh5 38. Re4 Rh1+ 39. Kc2 Rh2+ 40. Kb3
Rb8+ 41. Kxa3 Ra8+ 42. Kb4 Rhxa2 43. Rb3 Rb8+ 44. Kc3 Rxb3+ 45. Kxb3 Rf2 46. Kc3
Kd7 47. Rh4 f5 48. Kd4 e5+ 49. Kd3 Kc6 50. Rh8 Rf3+ 51. Ke2 Rg3 0-1

[Event "ch-RUS Blitz 2017"]
[Site "Sochi RUS"]
[Date "2017.10.02"]
[Round "17.19"]
[White "Kozak, Alexander"]
[Black "Yuffa, Daniil"]
[Result "0-1"]
[WhiteTitle "FM"]
[BlackTitle "GM"]
[WhiteElo "2315"]
[BlackElo "2527"]
[WhiteFideId "4135881"]
[BlackFideId "24131423"]
[EventDate "2017.10.02"]
[EventType "blitz"]

1. e4 Nf6 2. e5 Nd5 3. c4 Nb6 4. c5 Nd5 5. Bc4 e6 6. d4 b6 7. cxb6 axb6 8. Nh3
Ba6 9. Bxa6 Nxa6 10. Nc3 Nab4 11. O-O c5 12. dxc5 bxc5 13. Qg4 Nxc3 14. bxc3 Nc6
15. Re1 Qc7 16. Bf4 Ra4 17. Qg3 h6 18. Qe3 g5 19. Bg3 Ne7 20. f4 Nf5 21. Qe2 Be7
22. c4 Ra3 23. Bf2 Rg8 24. fxg5 Bxg5 25. Nxg5 Rxg5 26. Qb2 Ra8 27. a4 Qc6 28.
Be3 Rg4 29. h3 Rxc4 30. Bf2 h5 31. a5 Ke7 32. Qe2 Rg8 0-1

[Event "ch-RUS Blitz 2017"]
[Site "Sochi RUS"]
[Date "2017.10.02"]
[Round "17.20"]
[White "Antonenko, Vladimir"]
[Black "Novikov, Maxim"]
[Result "1/2-1/2"]
[WhiteTitle "FM"]
[BlackTitle "GM"]
[WhiteElo "2330"]
[BlackElo "2501"]
[WhiteFideId "24159409"]
[BlackFideId "4161289"]
[EventDate "2017.10.02"]
[EventType "blitz"]

1. d4 Nf6 2. c4 c5 3. d5 b5 4. cxb5 a6 5. bxa6 g6 6. Nc3 Bg7 7. Nf3 O-O 8. e4
Qa5 9. Nd2 Bxa6 10. Be2 d6 11. O-O Nbd7 12. a4 Rfb8 13. Ra3 Ne8 14. Bxa6 Qxa6
15. Nb5 Qb7 16. Nc4 Nc7 17. Nxc7 Qxc7 18. a5 Ra7 19. b3 Ne5 20. Bd2 Nxc4 21.
bxc4 Rb4 22. Bxb4 cxb4 23. Ra4 Bc3 24. Qb3 Rxa5 25. Rxa5 Qxa5 26. g3 Kg7 27. Kg2
h5 28. h4 Qc5 29. Rd1 Qa7 30. Rd3 Qa5 31. Rf3 Qa1 32. Qc2 Qe1 33. Qd3 Be5 34.
Re3 Qa1 35. Qb3 Bc3 36. Qc2 Bd4 37. Re2 Bc3 38. Re3 1/2-1/2

[Event "ch-RUS Blitz 2017"]
[Site "Sochi RUS"]
[Date "2017.10.02"]
[Round "17.21"]
[White "Ivlev, Aleksey"]
[Black "Belyakov, Bogdan"]
[Result "0-1"]
[WhiteTitle "FM"]
[BlackTitle "IM"]
[WhiteElo "2259"]
[BlackElo "2486"]
[WhiteFideId "24185949"]
[BlackFideId "24104795"]
[EventDate "2017.10.02"]
[EventType "blitz"]

1. d4 Nf6 2. c4 g6 3. Nc3 Bg7 4. e4 d6 5. Nf3 O-O 6. Be2 e5 7. O-O Nc6 8. d5 Ne7
9. b4 Nh5 10. g3 f5 11. Ng5 Nf6 12. Bf3 f4 13. Bg2 a5 14. Ba3 b6 15. bxa5 Rxa5
16. Bb4 Ra8 17. a4 fxg3 18. hxg3 Bg4 19. f3 Bd7 20. a5 bxa5 21. Rxa5 Rb8 22. Nb5
Nh5 23. Be1 Nf5 24. exf5 Qxg5 25. fxg6 Nxg3 26. gxh7+ Kh8 27. Bxg3 Qxg3 28. Qe1
Qg6 29. Qh4 Bh6 30. Ra3 Bxb5 31. cxb5 Rxb5 32. Rc3 Rxd5 33. Rxc7 Rd2 34. Qh3
Be3+ 35. Kh1 Bf4 36. Qg4 Qh6+ 37. Qh3 Qxh3+ 38. Bxh3 Rh2+ 39. Kg1 Rxh3 40. Rb1
Rxh7 41. Rc6 Rg8+ 0-1

[Event "ch-RUS Blitz 2017"]
[Site "Sochi RUS"]
[Date "2017.10.02"]
[Round "17.22"]
[White "Tsoi, Dmitry"]
[Black "Dzhumagaliev, Yan"]
[Result "0-1"]
[WhiteTitle "FM"]
[BlackTitle "FM"]
[WhiteElo "2361"]
[BlackElo "2400"]
[WhiteFideId "24194697"]
[BlackFideId "24100110"]
[EventDate "2017.10.02"]
[EventType "blitz"]

1. e4 c5 2. Nf3 Nc6 3. d4 cxd4 4. Nxd4 e6 5. Nb5 d6 6. c4 a6 7. N5c3 Nf6 8. Be3
Qc7 9. Be2 Ne5 10. Nd2 b6 11. O-O Bb7 12. f3 Be7 13. Rc1 O-O 14. b4 Kh8 15. Na4
Ned7 16. Nb3 Rac8 17. Qe1 Bc6 18. b5 Bb7 19. bxa6 Bxa6 20. c5 Bxe2 21. cxb6 Qb7
22. Qxe2 Ra8 23. Rc7 Qa6 24. Qxa6 Rxa6 25. Ra7 Ra8 26. Nc3 Bd8 27. Rxa6 Rxa6 28.
b7 g5 29. Rb1 Bc7 30. Nb5 Bb8 31. Rc1 h6 32. Rc8+ Kg7 33. N3d4 Rxa2 34. Nc6 Rb2
35. Nxb8 Rxb5 36. Nxd7 Nxd7 37. Rc7 Nc5 38. Bxc5 dxc5 39. Kf2 Kf6 40. Ke3 Ke5
41. Rxf7 Rb3+ 42. Kd2 c4 43. Kc2 Kd4 44. Rd7+ Ke3 45. Rc7 Kf2 46. e5 Kxg2 47.
Rxc4 Rxb7 48. Rc6 Re7 49. Kd3 Kxf3 50. Kd4 Kf4 51. Rd6 h5 52. Rd8 Rf7 53. Re8
Rd7+ 54. Kc3 Kxe5 55. Rh8 h4 56. Rh6 Kf5 57. Rh8 e5 58. Rf8+ Kg4 59. Re8 Rd5 60.
Kc4 Rd4+ 61. Kc3 Rd5 62. Kc4 Rd2 63. Rxe5 Rxh2 64. Kd3 Rf2 65. Ke3 Rf3+ 66. Ke2
Rf4 0-1

[Event "ch-RUS Blitz 2017"]
[Site "Sochi RUS"]
[Date "2017.10.02"]
[Round "17.23"]
[White "Bublei, Pavel"]
[Black "Moiseenko, Vadim"]
[Result "0-1"]
[WhiteTitle "FM"]
[BlackTitle "IM"]
[WhiteElo "2387"]
[BlackElo "2558"]
[WhiteFideId "24112593"]
[BlackFideId "4123700"]
[EventDate "2017.10.02"]
[EventType "blitz"]

1. d4 Nf6 2. c4 e6 3. Nf3 b6 4. a3 Bb7 5. Nc3 d5 6. Qc2 Be7 7. Bf4 dxc4 8. e4
O-O 9. Bxc4 a6 10. O-O b5 11. Bd3 h6 12. b4 Nc6 13. Be3 Ng4 14. Ne2 Nxe3 15.
fxe3 Bg5 16. Nxg5 Qxg5 17. Nf4 e5 18. d5 Nd8 19. Ne2 c6 20. d6 Qxe3+ 21. Kh1 Ne6
22. Rf3 Qb6 23. Qd2 Rad8 24. Bc2 c5 25. bxc5 Nxc5 26. Ng3 Qxd6 27. Qf2 Qd4 28.
Qe1 Bc8 29. Rd1 Qc4 30. Rc1 Bg4 31. Rf2 Nd3 32. Bxd3 Qxd3 33. Rfc2 Qxa3 34. h3
Be6 35. Rc3 Qb4 36. Nh5 Qe7 37. Rg3 g6 38. Qe3 Kh7 39. Rf1 gxh5 40. Rgf3 Rg8 41.
Rf6 Rg6 42. Rxg6 fxg6 43. Qb6 b4 0-1

[Event "ch-RUS Blitz 2017"]
[Site "Sochi RUS"]
[Date "2017.10.02"]
[Round "17.24"]
[White "Sharafiev, Azat"]
[Black "Gogolev, Artem"]
[Result "1-0"]
[WhiteTitle "IM"]
[WhiteElo "2433"]
[BlackElo "2408"]
[WhiteFideId "4186214"]
[BlackFideId "4116615"]
[EventDate "2017.10.02"]
[EventType "blitz"]

1. Nf3 Nf6 2. g3 e6 3. Bg2 d5 4. O-O Be7 5. d3 O-O 6. Nbd2 Nc6 7. e4 dxe4 8.
dxe4 e5 9. Qe2 b6 10. Rd1 Bd6 11. b3 a5 12. Bb2 Qe7 13. a4 Ba6 14. Qe1 Rad8 15.
Bf1 Bxf1 16. Qxf1 Bc5 17. h3 Nd4 18. Qc4 Rd7 19. c3 Nxf3+ 20. Nxf3 Rfd8 21. Rxd7
Qxd7 22. b4 Bf8 23. Nxe5 Qe8 24. f4 Bd6 25. Qb5 Bxe5 26. fxe5 Nxe4 27. Qxe8+
Rxe8 28. Rd1 h5 29. bxa5 bxa5 30. Rd5 Rb8 31. Ba3 Rb3 32. Be7 Nxc3 33. Rxa5 1-0